name every cubecraft game - Statistics

General Stats
  • This quiz has been taken 7 times
  • The average score is 7 of 11
Answer Stats
Answer % Correct
bedwars
100%
eggwars
100%
skywars
100%
battle arena
60%
minerware
60%
sky block
60%
survival games
60%
blockwars
40%
lucky games
40%
parkour
40%
pillars of fortune
40%
No matching quizzes found
Score Distribution
Percent of People with Each Score
Percentile by Number Answered
Your Score History
You have not taken this quiz